Statistiques concernant Quiz Année 2019-2020 en rugby.

Cliquez ici pour prendre le quiz!

Statistiques générales

  • Ce quiz a été pris 253 fois
  • Le résultat moyen est 6 sur 10

Statistiques - réponses

QuestionRéponse% Correct
Quel nations a remporté cette édition?Afrique du Sud
92%
Dans quel pays se déroule la 9e édition de la Coupe du monde de rugby à XV?Japon
90%
Pour quelle raison les championnats ont-ils été interrompus de mars à juin?Une pandémie
89%
Quel compétition a été créée en remplacement de la tournée d'automne 2020?L'Autumn Nations Cup
81%
Quel club anglais a été relégué en seconde division administrativement pour dépassement du Salary Cap?Saracens
72%
Quel joueur a été désigné meilleur joueur de l'année 2019?Peter-Steph Du Toit
57%
Quel championnat européen n'a pas repris lors de l'été 2020?Top 14
55%
Quel club a remporté la Coupe d'Europe 2020?Exeter Chiefs
53%
Dans quel compétition les 5 franchises néo-zélandaises se sont-elles affrontées suite à l'arrêt des compétitions?Super Rugby Aotearoa
36%
Dans quel pays a été fondé le premier championnat national professionnel de rugby à VII?France
21%

Distribution des résultats

Percentile par nombre de réponses

% des personnes avec chaque résultat

Votre développement - résultats

Vous n’avez pas pris ce quiz